Statistics for 49ERS Record Holders

Click here to take the quiz!

General Stats

  • This quiz has been taken 43 times
  • The average score is 8 of 16

Answer Stats

HintAnswer% Correct
#80Jerry Rice
100%
#80Jerry Rice
100%
#16Joe Montana
98%
#16Joe Montana
95%
#8Steve Young
90%
#20Frank Gore
88%
#42Ronnie Lott
60%
#87Dallas Clark
50%
#12John Brodie
29%
Born In SanFranGeorge Seifert
26%
#37Jimmy Johnson
17%
#79Bob St. Clair
10%
#34Joe Perry
10%
#39Hugh McElhenny
7%
#70Charlie Krueger
5%
#73Leo Nomellini
5%

Score Distribution

Percentile by Number Answered

Percent of People with Each Score

Your Score History

You have not taken this quiz